000 00625nam a2200205 i 4500
001 96503
003 ES-MaACL
005 20230906181926.0
007 t|
008 050627s1967 sp ||||1| spa d
080 _a617.3-053.2
100 1 _aMalagón-Castro, Valentin.
_975679
245 1 0 _aTexto de Ortopedia infantil /
_cpor Valentin Malagón-Castro y Roberto Arango-Senín.
250 _a[1ª ed.].
260 _aBarcelona :
_bJims,
_c1967.
300 _aXXIV, 342 p. :
_bil. ;
_c22 cm.
650 4 _aOrtopedia infantil.
_9144253
700 1 _aArango-Senín, Roberto.
_922306
852 _aES-MaACL
_jC-34060
_bR.64915
999 _c96503
_d96503